000 00903cam a22002294a 4500
001 12231713
005 20250516155446.0
008 001115s2001 enka b 001 0 eng
020 _a033391242X
020 _a0333912438 (pbk. : alk. paper)
050 0 0 _aHF5549
_b.M3392 2001
082 0 0 _a658.3
_221
100 1 _aMaund, Linda.
245 1 0 _aIntroduction to human resource management :
_btheory and practice /
_cLinda Maund.
260 _aHoundmills, Basingstoke, Hampshire ;
_aNew York :
_bPALGRAVE,
_c2001.
300 _axxv, 726 p. :
_bill. ;
_c26 cm.
650 0 _aPersonnel management.
856 4 2 _3Contributor biographical information
_uhttp://www.loc.gov/catdir/bios/hol059/00066867.html
856 4 2 _3Publisher description
_uhttp://www.loc.gov/catdir/description/hol051/00066867.html
856 4 1 _3Table of contents
_uhttp://www.loc.gov/catdir/toc/hol051/00066867.html
942 _2lcc
_cBK
_n0
999 _c5823
_d5823